000 00634nam a2200193 i 4500
001 79533
003 ES-MaACL
005 20231228062651.0
007 t|
008 041021s1925 sp |||| | spa d
100 1 _aHerce, Félix.
_962672
245 1 4 _aLos nietos de Hipócrates
_b: (humorismo médico) /
_cFélix Herce ; prólogo de Gregorio Marañón.
260 _aMadrid :
_b[s.n.],
_c1925 (
_fTalleres Poligráficos)
300 _a157 p. ;
_c22 cm.
650 4 _aMedicina-
_vObras satíricas y humorísticas.
_9168698
700 1 _aMarañón, Gregorio,
_d1887-1960
_976311
852 _aES-MaACL
_jF-4827
999 _c79533
_d79533